000 00804cam a2200241 4500
008 090401t1992 xxu||||| |||| 00| 0 eng d
020 _a072101416X
035 _a(Sirsi) u85209
041 _aeng
050 _a693.544
100 _aElliott, K.S.
245 _aPrecast concrete frame buildings: design guide.
260 _aWexham Springs, Slough
_bBritish Cement Association
_c1992
300 _a88p. : ill. ; 30cm.
350 _a24
520 _aA detailed review of precast concrete building structures and their procurement.Aimed at engineers, architects and others concerned with the procurement of buildings
650 _aSTRUCTURAL DESIGN
690 _aBUILT ENVIRONMENT
700 _aTovey, A.K.
710 _aBritish Cement Association
_91602
942 _n0
948 _c04/03/1997
999 _c97023
_d97023